Modelo de análisis económico para el negocio ovino (Registro nro. 16996)

Detalles MARC
000 -LEADER
fixed length control field 00344 a2200109 4500
001 - CONTROL NUMBER
control field ART_45816
005 - DATE AND TIME OF LATEST TRANSACTION
control field 20260410161721.0
008 - FIXED-LENGTH DATA ELEMENTS--GENERAL INFORMATION
fixed length control field 260409a
100 1# - MAIN ENTRY--PERSONAL NAME
Personal name Kuster, Christian
245 10 - TITLE STATEMENT
Title Modelo de análisis económico para el negocio ovino
773 0# - HOST ITEM ENTRY
Title Contabilidad y auditoría
Related parts - Año 23, Nº 45 (jun. 2017)
Record control number REV1723

No hay ítems disponibles.